<?xml version="1.0" encoding="UTF-8"?>
<record
    xmlns:xsi="http://www.w3.org/2001/XMLSchema-instance"
    xsi:schemaLocation="http://www.loc.gov/MARC21/slim http://www.loc.gov/standards/marcxml/schema/MARC21slim.xsd"
    xmlns="http://www.loc.gov/MARC21/slim">

  <leader>01806nam0a2200421   4500</leader>
  <controlfield tag="001">RU\NLR\bibl\199926</controlfield>
  <controlfield tag="005">20250619092825.0</controlfield>
  <datafield tag="010" ind1=" " ind2=" ">
    <subfield code="a">5-277-02232-5</subfield>
    <subfield code="b">&#x412; &#x43F;&#x435;&#x440;.</subfield>
    <subfield code="9">5000</subfield>
  </datafield>
  <datafield tag="021" ind1=" " ind2=" ">
    <subfield code="a">RU</subfield>
    <subfield code="b">2001-5438</subfield>
    <subfield code="9">264</subfield>
  </datafield>
  <datafield tag="035" ind1=" " ind2=" ">
    <subfield code="a">(NLR Aleph) 000196301</subfield>
  </datafield>
  <datafield tag="090" ind1=" " ind2=" ">
    <subfield code="a">1136576</subfield>
    <subfield code="c">1136576</subfield>
  </datafield>
  <datafield tag="100" ind1=" " ind2=" ">
    <subfield code="a">20011022d2001    |||y0rusy50      ca</subfield>
  </datafield>
  <datafield tag="101" ind1="0" ind2=" ">
    <subfield code="a">rus</subfield>
    <subfield code="a">eng</subfield>
  </datafield>
  <datafield tag="102" ind1=" " ind2=" ">
    <subfield code="a">RU</subfield>
  </datafield>
  <datafield tag="105" ind1=" " ind2=" ">
    <subfield code="a">y   g   |||||</subfield>
  </datafield>
  <datafield tag="200" ind1="1" ind2=" ">
    <subfield code="a">&#x422;&#x435;&#x440;&#x43C;&#x438;&#x43D;&#x43E;&#x43B;&#x43E;&#x433;&#x438;&#x447;&#x435;&#x441;&#x43A;&#x438;&#x439; &#x441;&#x43F;&#x440;&#x430;&#x432;&#x43E;&#x447;&#x43D;&#x438;&#x43A; &#x441;&#x443;&#x434;&#x43E;&#x432;&#x43E;&#x434;&#x438;&#x442;&#x435;&#x43B;&#x44F; &#x43F;&#x43E; &#x432;&#x435;&#x434;&#x435;&#x43D;&#x438;&#x44E; &#x434;&#x435;&#x43B; &#x438; &#x434;&#x43E;&#x43A;&#x443;&#x43C;&#x435;&#x43D;&#x442;&#x430;&#x446;&#x438;&#x438; &#x43D;&#x430; &#x430;&#x43D;&#x433;&#x43B;&#x438;&#x439;&#x441;&#x43A;&#x43E;&#x43C; &#x44F;&#x437;&#x44B;&#x43A;&#x435;</subfield>
    <subfield code="f">&#x412;. &#x418;. &#x411;&#x43E;&#x431;&#x438;&#x43D;</subfield>
  </datafield>
  <datafield tag="210" ind1=" " ind2=" ">
    <subfield code="a">&#x41C;.</subfield>
    <subfield code="c">&#x422;&#x440;&#x430;&#x43D;&#x441;&#x43F;&#x43E;&#x440;&#x442;</subfield>
    <subfield code="c">&#x41F;&#x43E;&#x43B;&#x438;&#x442;&#x435;&#x445;-4</subfield>
    <subfield code="d">2001</subfield>
  </datafield>
  <datafield tag="215" ind1=" " ind2=" ">
    <subfield code="a">271 &#x441;.</subfield>
    <subfield code="d">24</subfield>
  </datafield>
  <datafield tag="300" ind1=" " ind2=" ">
    <subfield code="a">&#x422;&#x435;&#x43A;&#x441;&#x442; &#x43D;&#x430; &#x430;&#x43D;&#x433;&#x43B;. &#x438; &#x440;&#x443;&#x441;. &#x44F;&#x437;.</subfield>
  </datafield>
  <datafield tag="300" ind1=" " ind2=" ">
    <subfield code="a">&#x417;&#x430;&#x433;&#x43B;. &#x43A;&#x43E;&#x440;&#x435;&#x448;&#x43A;&#x430;: &#x421;&#x43F;&#x440;&#x430;&#x432;&#x43E;&#x447;&#x43D;&#x438;&#x43A; &#x441;&#x443;&#x434;&#x43E;&#x432;&#x43E;&#x434;&#x438;&#x442;&#x435;&#x43B;&#x44F; &#x43D;&#x430; &#x430;&#x43D;&#x433;&#x43B;&#x438;&#x439;&#x441;&#x43A;&#x43E;&#x43C; &#x44F;&#x437;&#x44B;&#x43A;&#x435;</subfield>
  </datafield>
  <datafield tag="320" ind1=" " ind2=" ">
    <subfield code="a">&#x411;&#x438;&#x431;&#x43B;&#x438;&#x43E;&#x433;&#x440;.: &#x441;. 270</subfield>
  </datafield>
  <datafield tag="606" ind1="0" ind2=" ">
    <subfield code="a">&#x420;&#x443;&#x441;&#x441;&#x43A;&#x438;&#x439; &#x44F;&#x437;&#x44B;&#x43A;</subfield>
    <subfield code="x">&#x422;&#x435;&#x440;&#x43C;&#x438;&#x43D;&#x43E;&#x43B;&#x43E;&#x433;&#x438;&#x44F; &#x441;&#x443;&#x434;&#x43E;&#x432;&#x43E;&#x436;&#x434;&#x435;&#x43D;&#x438;&#x44F;</subfield>
    <subfield code="x">&#x421;&#x43B;&#x43E;&#x432;&#x430;&#x440;&#x438;</subfield>
    <subfield code="x">&#x410;&#x43D;&#x433;&#x43B;&#x438;&#x439;&#x441;&#x43A;&#x438;&#x439; &#x44F;&#x437;&#x44B;&#x43A;</subfield>
    <subfield code="9">1409353</subfield>
    <subfield code="3">RU\NLR\auth\66593687</subfield>
  </datafield>
  <datafield tag="610" ind1="0" ind2=" ">
    <subfield code="a">&#x421;&#x443;&#x434;&#x43E;&#x432;&#x43E;&#x436;&#x434;&#x435;&#x43D;&#x438;&#x435; &#x43C;&#x43E;&#x440;&#x441;&#x43A;&#x43E;&#x435; - &#x421;&#x43B;&#x43E;&#x432;&#x430;&#x440;&#x438; &#x440;&#x443;&#x441;&#x441;&#x43A;&#x43E;-&#x430;&#x43D;&#x433;&#x43B;&#x438;&#x439;&#x441;&#x43A;&#x438;&#x435;</subfield>
  </datafield>
  <datafield tag="610" ind1="0" ind2=" ">
    <subfield code="a">&#x420;&#x443;&#x441;&#x441;&#x43A;&#x43E;-&#x430;&#x43D;&#x433;&#x43B;&#x438;&#x439;&#x441;&#x43A;&#x438;&#x435; &#x441;&#x43B;&#x43E;&#x432;&#x430;&#x440;&#x438; &#x43F;&#x43E; &#x441;&#x443;&#x434;&#x43E;&#x432;&#x43E;&#x436;&#x434;&#x435;&#x43D;&#x438;&#x44E;</subfield>
  </datafield>
  <datafield tag="610" ind1="0" ind2=" ">
    <subfield code="a">&#x421;&#x43B;&#x43E;&#x432;&#x430;&#x440;&#x438; &#x43F;&#x43E; &#x441;&#x443;&#x434;&#x43E;&#x432;&#x43E;&#x436;&#x434;&#x435;&#x43D;&#x438;&#x44E; &#x440;&#x443;&#x441;&#x441;&#x43A;&#x43E;-&#x430;&#x43D;&#x433;&#x43B;&#x438;&#x439;&#x441;&#x43A;&#x438;&#x435;</subfield>
  </datafield>
  <datafield tag="675" ind1=" " ind2=" ">
    <subfield code="a">656.61.052(038)=164.1=111</subfield>
    <subfield code="v">3</subfield>
    <subfield code="z">rus</subfield>
  </datafield>
  <datafield tag="686" ind1=" " ind2=" ">
    <subfield code="a">73.34</subfield>
    <subfield code="2">rugasnti</subfield>
  </datafield>
  <datafield tag="686" ind1=" " ind2=" ">
    <subfield code="a">39.471&#x44F;2</subfield>
    <subfield code="2">rubbk</subfield>
  </datafield>
  <datafield tag="686" ind1=" " ind2=" ">
    <subfield code="a">&#x428;141.12-434.1</subfield>
  </datafield>
  <datafield tag="686" ind1=" " ind2=" ">
    <subfield code="a">&#x428;143.12-434.2</subfield>
  </datafield>
  <datafield tag="700" ind1=" " ind2="1">
    <subfield code="a">&#x411;&#x43E;&#x431;&#x438;&#x43D;</subfield>
    <subfield code="g">&#x412;&#x438;&#x43A;&#x442;&#x43E;&#x440; &#x418;&#x432;&#x430;&#x43D;&#x43E;&#x432;&#x438;&#x447;</subfield>
    <subfield code="4">070</subfield>
  </datafield>
  <datafield tag="801" ind1=" " ind2="0">
    <subfield code="a">RU</subfield>
    <subfield code="b">RKP</subfield>
    <subfield code="c">20011022</subfield>
    <subfield code="g">PSBO</subfield>
  </datafield>
  <datafield tag="801" ind1=" " ind2="1">
    <subfield code="a">RU</subfield>
    <subfield code="b">RKP</subfield>
    <subfield code="c">20011022</subfield>
  </datafield>
  <datafield tag="801" ind1=" " ind2="2">
    <subfield code="a">RU</subfield>
    <subfield code="b">NLR</subfield>
    <subfield code="c">20011119</subfield>
    <subfield code="g">rcr</subfield>
  </datafield>
  <datafield tag="942" ind1=" " ind2=" ">
    <subfield code="c">BOOK</subfield>
  </datafield>
  <datafield tag="980" ind1=" " ind2=" ">
    <subfield code="a">NB</subfield>
  </datafield>
  <datafield tag="995" ind1=" " ind2=" ">
    <subfield code="5">2001-11-05</subfield>
    <subfield code="a">ad</subfield>
    <subfield code="b">NLR01</subfield>
    <subfield code="c">NLR01</subfield>
    <subfield code="e">RF8</subfield>
    <subfield code="f">180042</subfield>
    <subfield code="k">2001-7/2418</subfield>
    <subfield code="o">0</subfield>
    <subfield code="r">BOOK</subfield>
    <subfield code="s">200172418_</subfield>
  </datafield>
  <datafield tag="995" ind1=" " ind2=" ">
    <subfield code="5">2001-11-05</subfield>
    <subfield code="a">ad</subfield>
    <subfield code="b">NLR01</subfield>
    <subfield code="c">NLR01</subfield>
    <subfield code="e">RF8</subfield>
    <subfield code="f">180043</subfield>
    <subfield code="k">2001-7/2418</subfield>
    <subfield code="o">0</subfield>
    <subfield code="r">BOOK</subfield>
    <subfield code="s">200172418_</subfield>
  </datafield>
</record>
